As Maiores Cidades do Nordeste do Brasil - Statistics

Estatísticas Gerais
  • Esse quiz foi jogado 208 vezes
  • A pontuação média é 21 de 30
Estatísticas das Respostas
População Cidade Estado % Correto
2.428.678 Fortaleza CE
100%
1.488.920 Recife PE
100%
2.418.005 Salvador BA
100%
1.037.775 São Luís MA
100%
957.916 Maceió AL
99%
751.300 Natal RN
99%
866.300 Teresina PI
99%
833.932 João Pessoa PB
98%
602.757 Aracaju SE
94%
616.279 Feira de Santana BA
85%
349.976 Olinda PE
84%
419.379 Campina Grande PB
82%
235.816 Juazeiro BA
77%
286.120 Juazeiro do Norte CE
77%
643.759 Jaboatão dos Guararapes PE
74%
264.577 Mossoró RN
71%
378.052 Caruaru PE
70%
386.786 Petrolina PE
69%
273.110 Imperatriz MA
67%
370.868 Vitória da Conquista BA
66%
203.023 Sobral CE
65%
234.696 Arapiraca AL
58%
355.679 Caucaia CE
48%
299.579 Camaçari BA
44%
252.716 Parnamirim RN
42%
342.167 Paulista PE
42%
234.392 Maracanaú CE
37%
203.334 Lauro de Freitas BA
32%
203.216 Cabo de Santo Agostinho PE
24%
244.579 São José do Ribamar MA
19%
Nenhum quiz correspondente encontrado
Distribuição das Pontuações
Porcentagem de Pessoas com Cada Pontuação
Percentil de Números Respondidos
Sua Pontuação Histórica
Você não jogou esse quiz